[Event "Challenge"]
[Site "http://www.queenalice.com/game.php?id=445973"]
[Date "2008.8.9"]
[Round "-"]
[White "aureliano"]
[Black "panderson1988"]
[Result "1-0"]
[WhiteElo "1456"]
[BlackElo "1622"]

1. e4 e5 2. a4 Nf6 3. d3 Nc6 4. c4 Bc5 5. Qf3 Nd4 6. Qg3 Nc2+ 7. Kd1 Nxa1 8. b4
Bf8 9. Bb2 Nb3 10. Be2 d6 11. c5 dxc5 12. bxc5 Nxc5 13. Nc3 Be6 14. Qxe5 Bd6 15.
Qg5 Rg8 16. Nf3 Ng4 17. Qc1 Nxf2+ 18. Kc2 Nxh1 19. Qxh1 Bb3+ 20. Kb1 Be6 21. Qf1
Qe7 22. Qf2 Nb3 23. h4 Ba3 24. Nb5 Bxb2 25. Kxb2 Na5 26. Qe1 a6 27. Qxa5 b6 28.
Qc3 axb5 29. d4 Rxa4 30. Bxb5+ Bd7 31. Bc6 Rb4+ 32. Kc2 Bxc6 33. Qxc6+ Qd7 34.
Qb7 f6 35. Qa8+ Qd8 36. Qa2 Rf8 37. e5 fxe5 38. Qe6+ Qe7 39. Qc6+ 1-0

[Event "Challenge"]
[Site "http://www.queenalice.com/game.php?id=445974"]
[Date "2008.8.9"]
[Round "-"]
[White "panderson1988"]
[Black "aureliano"]
[Result "0-1"]
[WhiteElo "1647"]
[BlackElo "1431"]

1. e4 e5 2. Nf3 d6 3. Nc3 c5 4. d3 Nc6 5. Be3 Qb6 6. Nd5 Qd8 7. Qd2 Be6 8. Be2
b5 9. Ng5 Be7 10. Nxe7 Ngxe7 11. Nxe6 Qd7 12. Nxg7+ Kd8 13. Nh5 Re8 14. Nf6 Qe6
15. Nxh7 Qg6 16. Ng5 b4 17. Bf3 Ng8 18. Nh3 Nf6 19. Bg5 Re6 20. Bg4 Re8 21. Qe2
a5 22. Bf5 Qg7 23. Qe3 Rh8 24. Bxf6+ Qxf6 25. Qg5 Qe7 26. Qxe7+ Nxe7 27. Ng5 Rf8
28. O-O f6 29. Ne6+ Ke8 30. Nxf8 Kxf8 31. f4 Kf7 32. Rf3 Rg8 33. Rh3 exf4 34.
Rh7+ Ke8 35. Be6 Rf8 36. Rf1 Kd8 37. Rxf4 Ng6 38. Rd7+ Kc8 0-1

[Event "Challenge"]
[Site "http://www.queenalice.com/game.php?id=448182"]
[Date "2008.8.13"]
[Round "-"]
[White "panderson1988"]
[Black "paddymalonespub"]
[Result "1/2-1/2"]
[WhiteElo "1477"]
[BlackElo "1626"]

1. e4 e5 2. Nf3 d6 3. Nc3 Nf6 4. Bc4 Be6 5. Bxe6 fxe6 6. d3 Nc6 7. Be3 d5 8.
exd5 exd5 9. Bg5 Be7 10. O-O O-O 11. Re1 e4 12. dxe4 dxe4 13. Nxe4 Nxe4 14. Qxd8
Bxd8 15. Rxe4 Rf5 16. Bxd8 Rxd8 17. Rae1 Kf7 18. Nh4 Ra5 19. Rf4+ Kg8 20. a3
Rad5 21. Rfe4 Re5 22. g3 Rde8 23. Rxe5 Nxe5 24. Kg2 Kf7 25. Re4 Ng6 26. Rxe8
Kxe8 27. Nxg6 hxg6 28. Kf3 Ke7 29. Kf4 Kf6 30. h4 b6 31. b4 c6 32. Ke4 Ke6 33.
Kf4 Kf6 1/2-1/2

[Event "Challenge"]
[Site "http://www.queenalice.com/game.php?id=448830"]
[Date "2008.8.15"]
[Round "-"]
[White "cdare"]
[Black "panderson1988"]
[Result "1-0"]
[WhiteElo "1682"]
[BlackElo "1475"]

1. e4 e5 2. Nf3 Nc6 3. Nc3 Nf6 4. Bc4 d6 5. h3 Be7 6. d3 O-O 7. Be3 Na5 8. b3
Bd7 9. Nd5 Be6 10. Nxf6+ Bxf6 11. Bxe6 fxe6 12. Qd2 Nc6 13. O-O Re8 14. a4 d5
15. Bg5 dxe4 16. Bxf6 Qxf6 17. dxe4 Rad8 18. Qc3 Re7 19. Rad1 Nd4 20. Nxd4 exd4
21. Qb4 b6 22. e5 Qf7 23. Rxd4 Rxd4 24. Qxd4 Rd7 25. Qe4 Rd2 26. Qa8+ Qf8 27.
Qxa7 Rxc2 28. Qa6 Qb4 29. Qc8+ Kf7 30. Qd7+ Qe7 31. Qb5 Rc5 32. Qe2 Rc3 33. Qh5+
Kg8 34. Rb1 1-0

[Event "Challenge"]
[Site "http://www.queenalice.com/game.php?id=449665"]
[Date "2008.8.17"]
[Round "-"]
[White "panderson1988"]
[Black "Bobtzu"]
[Result "0-1"]
[WhiteElo "1525"]
[BlackElo "2085"]

1. e4 c6 2. Nf3 d5 3. exd5 cxd5 4. d4 Nc6 5. Nc3 Bf5 6. Bf4 Nf6 7. Bb5 a6 8.
Bxc6+ bxc6 9. Ne5 Qb6 10. Rb1 e6 11. O-O Be7 12. Na4 Qb7 13. b3 O-O 14. Qd2 Ne4
15. Qe2 Rfc8 16. f3 Nf6 17. Qf2 Bd8 18. Nc5 Qb4 19. Bd2 Qa3 20. Rbc1 Bb6 21. Na4
Ba7 22. Bc3 c5 23. Rb1 cxd4 24. Bxd4 Bxd4 25. Qxd4 Qxa2 26. Rb2 Qa3 27. Nb6 Rab8
28. Nxc8 Rxc8 0-1

[Event "Challenge"]
[Site "http://www.queenalice.com/game.php?id=460670"]
[Date "2008.9.9"]
[Round "-"]
[White "panderson1988"]
[Black "cdare"]
[Result "0-1"]
[WhiteElo "1483"]
[BlackElo "1674"]

1. e4 e5 2. Nf3 Nc6 3. Nc3 Nf6 4. Bc4 Bc5 5. d3 h6 6. Na4 Be7 7. Bb3 O-O 8. Be3
d5 9. exd5 Nxd5 10. Bxd5 Bg4 11. h3 Bxf3 12. Bxf3 Rb8 13. O-O Nd4 14. Bxd4 exd4
15. Re1 b6 16. c3 dxc3 17. bxc3 c5 18. Qe2 Bd6 19. Nb2 Qf6 20. Rac1 Qf4 21. g3
Qf5 22. Bg4 Qd5 23. Ra1 Qc6 24. Bf3 Qc7 0-1

[Event "AUTO-INT-915"]
[Site "http://www.queenalice.com/game.php?id=469891"]
[Date "2008.9.28"]
[Round "2"]
[White "kretin_alan"]
[Black "panderson1988"]
[Result "1-0"]
[WhiteElo "1714"]
[BlackElo "1445"]

1. d4 d5 2. Nf3 Nc6 3. Bf4 Nf6 4. e3 e6 5. a3 Nh5 6. Bg5 Be7 7. Bxe7 Qxe7 8. Be2
Nf6 9. O-O O-O 10. Nbd2 Bd7 11. b4 Ne4 12. Nxe4 dxe4 13. Nd2 f5 14. c4 Qf7 15.
b5 Ne7 16. Rb1 1-0

[Event "AUTO-INT-915"]
[Site "http://www.queenalice.com/game.php?id=469892"]
[Date "2008.9.28"]
[Round "2"]
[White "panderson1988"]
[Black "kretin_alan"]
[Result "0-1"]
[WhiteElo "1440"]
[BlackElo "1719"]

1. e4 c6 2. Nf3 d5 3. exd5 cxd5 4. d4 Nf6 5. c3 Nc6 6. Bf4 g6 7. Bd3 Bg7 8. Nbd2
O-O 9. O-O Bg4 10. h3 Bxf3 11. Nxf3 a6 12. Qd2 b5 13. Bh6 Bxh6 14. Qxh6 Re8 15.
Rfe1 e6 16. Ng5 b4 0-1

[Event "AUTO-INT-915"]
[Site "http://www.queenalice.com/game.php?id=469894"]
[Date "2008.9.28"]
[Round "2"]
[White "panderson1988"]
[Black "Zerlene"]
[Result "0-1"]
[WhiteElo "1511"]
[BlackElo "1634"]

1. e4 d6 2. Nc3 Nf6 3. Nf3 g6 4. Bc4 Bg7 5. d3 c6 6. Bf4 O-O 7. Qd2 b5 8. Bb3 a5
9. a4 b4 10. Ne2 Na6 0-1

[Event "AUTO-INT-2415"]
[Site "http://www.queenalice.com/game.php?id=1096002"]
[Date "2012.8.24"]
[Round "1"]
[White "panderson1988"]
[Black "TorresR"]
[Result "0-1"]
[WhiteElo "1406"]
[BlackElo "1646"]

1. e4 e5 2. Nf3 Bc5 3. d4 exd4 4. Nxd4 Qf6 5. c3 d6 6. Be3 Bd7 7. f3 Nc6 8. Nxc6
Bxc6 9. Bxc5 dxc5 10. Nd2 O-O-O 11. Qc2 Ne7 12. O-O-O Rhe8 13. Bc4 b5 0-1

[Event "AUTO-INT-2415"]
[Site "http://www.queenalice.com/game.php?id=1096003"]
[Date "2012.8.24"]
[Round "1"]
[White "TorresR"]
[Black "panderson1988"]
[Result "0-1"]
[WhiteElo "1649"]
[BlackElo "1379"]

1. e4 e5 2. Nf3 Nc6 3. Bc4 d6 4. Ng5 Qxg5 5. d4 Qxg2 6. Rf1 Qxe4+ 7. Be3 Nxd4 8.
Nc3 Nxc2+ 9. Ke2 Qxc4+ 10. Kd2 Nxa1 11. Qxa1 Bf5 12. Qe1 Qd3+ 0-1